000 00382nam a22001577a 4500
003 MPLRDC
005 20220104145711.0
008 210129b ||||| |||| 00| 0 eng d
082 _a848.1 MD-20
100 _a茅盾著
245 _a世界文学名著讲话
_c
260 _a
_b香港中流出版社
_c1957
300 _b
650 _a现代别集
942 _cBK
_o848.1 MD-20
999 _c51468
_d51458